000 01318nam a2200277 a 4500
001 44637
003 BD-RjUL
005 20211209053907.0
008 160718s1943 nyu b 00110 eng
035 _a(BD-RjUL)44755
035 _a2167061
040 _aANL
_beng
_dANL
_cBD-RjUL
041 _aeng
082 0 _a341.1
_bHUP 1943
100 1 _aHudson, Manley O.
_q(Manley Ottmer),
_d1886-1960
_9136928
245 1 4 _aThe Permanent court of international justice, 1920-1942,
_ca treatise by Manley O. Hudson.
260 _aNew York :
_bThe Macmillan company,
_c1943.
300 _axxiv, 807 p. ;
_c24 cm.
500 _aIssued with the assistance of a grant-in-aid by the Bureau of international research of Harvard university and Radcliffe college. cf. Pref.
500 _aWhile the present volume follows the general lines of the author's work of the same title published in 1934, the treatise has been completely rewritten and includes new chapters on the proposed International criminal court and the Institution of proceedings. cf. Pref.
504 _aIncludes bibliographical references.
610 2 0 _aPermanent Court of International Justice.
_9136929
710 2 _aBureau of International Research of Harvard University and Radcliffe College.
_9130715
942 _2ddc
_cBK
999 _c44637
_d44637